Consideraciones en torno al principio de contradicción / (Registro nro. 188435)

Detalles MARC
000 -LEADER
campo de control de longitud fija 00707nam a2200193 i 4500
001 - NÚMERO DE CONTROL
campo de control 188435
003 - IDENTIFICADOR DE NÚMERO DE CONTROL
campo de control ES-MaACL
005 - FECHA Y HORA DE LA ÚLTIMA TRANSACCIÓN
campo de control 20230906223212.0
008 - DATOS DE LONGITUD FIJA--INFORMACIÓN GENERAL
campo de control de longitud fija 180921s1955 mx |||| | spa d
100 1# - ENTRADA PRINCIPAL--NOMBRE DE PERSONA
Nombre de persona Cabrera, Enrique.
9 (RLIN) 165530
245 10 - MENCIÓN DEL TÍTULO
Título Consideraciones en torno al principio de contradicción /
Mención de responsabilidad, etc. Enrique Cabrera.
260 ## - PUBLICACIÓN, DISTRIBUCIÓN, ETC.
Lugar de publicación, distribución, etc. México :
Nombre del editor, distribuidor, etc. Universidad Nacional de México,
Fecha de publicación, distribución, etc. 1955.
300 ## - DESCRIPCIÓN FÍSICA
Extensión 5 p. :
Otras características físicas il. ;
Dimensiones 22 cm.
490 1# - MENCIÓN DE SERIE
Mención de serie Cuadernos del Seminario de Problemas Científicos y Filosóficos ;
Designación de volumen o secuencia 6
650 #4 - PUNTO DE ACCESO ADICIONAL DE MATERIA--TÉRMINO DE MATERIA
Término de materia o nombre geográfico como elemento de entrada Contradicción.
9 (RLIN) 140507
830 0# - PUNTO DE ACCESO ADICIONAL DE SERIE-TÍTULO UNIFORME
Título uniforme Cuadernos del Seminario de Problemas Científicos y Filosóficos ;
Designación de volumen o secuencia 6
9 (RLIN) 193031
852 ## - LOCALIZACIÓN
Ubicación ES-MaACL
Número de control de estantería 2088-F-21
Existencias
Estatus retirado Estado de pérdida Estado de daño No para préstamo Colección Biblioteca de origen Biblioteca actual Ubicación en estantería Fecha de adquisición Fuente de adquisición Total de préstamos Signatura topográfica completa Código de barras Visto por última vez Precio de reemplazo Tipo de ítem Koha
        Colección de folletos Biblioteca del Ateneo de Madrid Biblioteca del Ateneo de Madrid Depósito folletos 21/09/2018     2088-F-21 1199334 23/02/2023 23/02/2023 Folleto